[Event "ICS rated blitz match"]
[Site "207.99.83.229"]
[Date "1999.06.12"]
[Round "?"]
[White "blunite"]
[Black "Hossa"]
[Result "0-1"]
[WhiteElo "2262"]
[BlackElo "2382"]
[Annotator "Fritz 5.32 (30s)"]
[PlyCount "72"]

1. d4 1... e6 {Opening = D31 - 3.Nc3 --} 2. c4 d5 3. Nc3 Bb4 4. Qb3 (4. Nf3
dxc4 5. e4 b5 6. a4 c6 7. Be2 Bb7 8. O-O a6 9. Qc2 Nf6 10. Bg5 h6 11. Bh4 Nbd7
12. Rfd1 Qb6 13. Ne5 O-O 14. Na2 a5 15. Nxd7 Nxd7 16. b3 cxb3 17. Qxb3 bxa4 18.
Qxa4 18... Rfb8 {Huebner,R-Korchnoi,V/Frankfurt GER 1998/ - (42)}) 4... Bxc3+ (
4... c5 5. dxc5 Nc6 6. Bd2 Nf6 7. e3 d4 8. exd4 Nxd4 9. Qd1 e5 10. Nf3 O-O 11.
h3 Re8 12. a3 Bxc5 13. Be3 Bf5 14. Rc1 a5 15. Nd2 h6 16. Na4 Ba7 17. c5 Nd5 18.
Nc4 Qh4 19. Bd3 Bxd3 20. Qxd3 Nf4 21. Bxf4 exf4+ 22. Kf1 f3 23. gxf3 Re2 24.
Rh2 Qf4 25. Qxd4 Qxd4 26. Kxe2 Re8+ 27. Ne3 27... Qxa4 {
0-1 Duchov,A-Baburin,A/Kstovo op 1994 (27)}) 5. bxc3 $146 (5. Qxc3 Nf6 (5...
Ne7 6. Nf3 dxc4 7. Qxc4 b6 8. g3 Bb7 9. Bg2 O-O 10. O-O Nd7 11. Bg5 Rc8 12.
Rad1 h6 13. Bc1 Bd5 14. Qd3 Nf6 15. b3 Ng6 16. Rfe1 Be4 17. Qa6 Qd5 18. Bb2
Rfd8 19. Rc1 Qa8 20. Red1 Nd5 21. Qa4 a5 22. Ne1 Bxg2 23. Nxg2 c6 24. Qc4 b5
25. Qc2 Nb4 26. Qb1 Na6 27. Qa1 f6 28. Qb1 Kf7 29. e4 c5 30. d5 exd5 31. Rxd5
Rxd5 32. exd5 Rd8 33. Rd1 Rxd5 34. Rxd5 Qxd5 35. Qxg6+ Kxg6 36. Nf4+ Kf5 37.
Nxd5 Ke6 38. Nf4+ Kd6 39. Kf1 g5 40. Nh5 Nb4 41. Nxf6 Nxa2 42. Ke2 c4 43. bxc4
b4 44. Ne4+ Kc6 45. Kd2 a4 46. Kc2 a3 47. Bg7 Nc3 48. Bxc3 bxc3 49. Kxc3 {
1-0 Amura,C-Timoschenko,A/Buenos Aires Konex 1991 (49)}) 6. Bg5 Nbd7 7. e3 h6
8. Bh4 g5 9. Bg3 Ne4 10. Qc2 c5 11. O-O-O Qa5 12. Kb1 b5 13. cxd5 Bb7 14. dxe6
fxe6 15. f3 Bd5 16. a3 Nxg3 17. hxg3 Qa4 18. Qxa4 bxa4 19. Bb5 19... Bb3 {
Kas Fromm,R-Kasioura,F/Thessaloniki olw 1984/1-0 (55)}) 5... Ne7 6. Bg5 dxc4 7.
Qxc4 Qd5 8. Qxd5 Nxd5 9. Bd2 Nf6 10. f3 {Deckt e4+g4} 10... O-O 11. e4 c5 12.
Bc4 Rd8 13. Be3 Nc6 14. Ne2 Na5 15. Bd3 Nd7 16. Rd1 ({Schwaecher ist} 16. dxc5
16... Nxc5 17. Bxc5 17... Rxd3 $11) 16... Nb6 17. Kf2 Nac4 18. Bf4 $11 (18.
Bxc4 cxd4 19. Bg5 f6 20. Bxf6 20... gxf6 $16) 18... Nb2 19. Rd2 19... Nxd3+ $14
(19... N6c4 20. Rb1 Nxd3+ 21. Rxd3 $14) 20. Rxd3 20... Nc4 {
Nicht von der Hand zu weisen} 21. d5 {Raumgewinn} 21... f5 22. Nc1 (22. Rb1 b6
23. Bg5 Rf8 24. exf5 Rxf5 25. dxe6 25... Bxe6 $15) 22... fxe4 23. fxe4 23...
exd5 {Schwarz erhaelt starke Initiative} 24. Rxd5 Rf8 25. Kg3 b6 26. Re1 Be6
27. Rd3 Rae8 28. h4 $17 (28. Rdd1 $5 $15) 28... Bf5 29. Bd6 $19 (29. Kf3 29...
Rf7 $17) 29... Rf6 30. exf5 $2 (30. Bf4 $19 $142) 30... Rxe1 (30... Nxd6 $6 {
ist naheliegend und schlecht} 31. Rxe8+ Nxe8 32. Kf4 $11) 31. Bf4 Rxf5 32. Nb3
Re2 33. Rd8+ Rf8 34. Rd7 (34. Rxf8+ {aendert nichts mehr} 34... Kxf8 35. Nc1
35... Rc2 $19) 34... Rxa2 35. h5 (35. Nc1 {nuetzt auch nichts mehr} 35... Rc2
$19) 35... Ra3 36. Nc1 (36. Nd2 {aendert nichts am Ausgang der Partie} 36...
Rxc3+ 37. Kg4 Nxd2 38. Rxd2 38... Rc4 $19) 36... Rxc3+ (36... Rxc3+ 37. Rd3
Rxd3+ 38. Nxd3 38... a5 $19) 0-1

[Event "ICS rated blitz match"]
[Site "207.99.83.229"]
[Date "1999.06.12"]
[Round "?"]
[White "Hossa"]
[Black "blunite"]
[Result "1-0"]
[WhiteElo "2393"]
[BlackElo "2251"]
[Annotator "Fritz 5.32 (30s)"]
[PlyCount "61"]

1. d4 1... e6 {Opening = C15 - 3.Nc3 Bb4 4.---} 2. e4 d5 3. Nc3 Bb4 4. Bb5+ Bd7
5. Bd3 $146 (5. Bxd7+ Nxd7 6. exd5 Bxc3+ 7. bxc3 exd5 8. Bf4 Qe7+ 9. Ne2 O-O-O
10. O-O Re8 11. Ng3 Ngf6 12. Re1 Qxe1+ 13. Qxe1 Rxe1+ 14. Rxe1 Kd8 15. Nf5 Nh5
16. Bg5+ f6 17. Be3 Re8 18. Kf1 g6 19. Nh6 19... Nb6 {
Nightmare,C-XXXX,C/Paderborn IPCCC 1994/0-1 (39)}) 5... dxe4 6. Bxe4 6... Nf6
$4 $18 {vergibt den Vorteil} (6... Bc6 $142 {und Schwarz kann noch kaempfen} 7.
Bxc6+ 7... Nxc6 $11) 7. Bxb7 Nc6 (7... Bc6 8. Bxa8 Bxa8 9. Nge2 $18) 8. Bxa8
Qxa8 9. Nge2 O-O 10. O-O Ne7 11. Bg5 Ned5 (11... Ne4 12. Nxe4 Qxe4 13. c4 $18)
12. Nxd5 {Nun geraet Schwarz unter starken Druck.} 12... Nxd5 13. c3 Bd6 14. c4
Nf6 15. Bxf6 gxf6 16. Nc3 Kh8 17. Qh5 17... Rg8 {Es droht Matt} 18. f3 Rg6 19.
Rae1 Qg8 20. Rf2 c5 (20... Bf4 21. Qh4 e5 22. dxe5 22... fxe5 $18) 21. Ne4 (21.
dxc5 $6 21... Rg5 22. Qh6 Bxc5 23. Qxf6+ Qg7 24. Qxg7+ 24... Rxg7 $18) 21...
Bf4 22. Qxc5 (22. Nxc5 $6 22... Rh6 23. Qg4 Bxh2+ 24. Kf1 24... Qd8 $18) 22...
f5 (22... Qb8 {aendert nichts am Ausgang der Partie} 23. g3 f5 24. Nc3 $18) 23.
Qxa7 Bc6 24. Qc5 Ba8 25. Nd2 h6 26. Kh1 Rg5 (26... Qb8 {
kann das Vorangegangene nicht ungeschehen machen} 27. Qe7 Rg7 28. Nf1 $18) 27.
Qe7 (27. d5 {ist genauer} 27... Rg6 $18) 27... Rh5 28. Qf6+ Kh7 29. Nf1 Bg5 30.
Qe5 f6 (30... Qd8 {ist noch eine Idee} 31. Rd1 31... Bf6 $18) 31. Qxe6 (31.
Qxe6 Qxe6 32. Rxe6 $18) 1-0

[Event "ICS rated blitz match"]
[Site "207.99.83.229"]
[Date "1999.06.12"]
[Round "?"]
[White "blunite"]
[Black "Hossa"]
[Result "0-1"]
[WhiteElo "2215"]
[BlackElo "2403"]
[Annotator "Fritz 5.32 (30s)"]
[PlyCount "114"]

1. d4 1... e6 {Opening = D31 - 3.Nc3 --} 2. c4 d5 3. Nc3 Bb4 4. Qb3 (4. Nf3
dxc4 5. e4 b5 6. a4 c6 7. Be2 Bb7 8. O-O a6 9. Qc2 Nf6 10. Bg5 h6 11. Bh4 Nbd7
12. Rfd1 Qb6 13. Ne5 O-O 14. Na2 a5 15. Nxd7 Nxd7 16. b3 cxb3 17. Qxb3 bxa4 18.
Qxa4 Rfb8 19. Rab1 Ba6 20. Bxa6 Qxa6 21. d5 exd5 22. exd5 Qb5 23. Qxb5 cxb5 24.
Nxb4 axb4 25. Bg3 Rc8 26. Rxb4 Rc5 27. h3 Ra4 28. Rb3 b4 29. d6 Rc3 30. Rdb1
Rxb3 31. Rxb3 f5 32. Bf4 Nc5 33. Rb1 Kf7 34. Bd2 b3 35. Be3 Nb7 36. Rxb3 Nxd6
37. g3 Ne4 38. h4 Nf6 39. Rb7+ Kg6 40. Kg2 Rc4 41. Rb6 Kf7 42. Rb7+ {
- Huebner,R-Korchnoi,V/Frankfurt GER 1998 (42)}) 4... Bxc3+ (4... c5 5. dxc5
Nc6 6. Bd2 Nf6 7. e3 d4 8. exd4 Nxd4 9. Qd1 e5 10. Nf3 O-O 11. h3 Re8 12. a3
Bxc5 13. Be3 Bf5 14. Rc1 a5 15. Nd2 h6 16. Na4 Ba7 17. c5 Nd5 18. Nc4 Qh4 19.
Bd3 Bxd3 20. Qxd3 Nf4 21. Bxf4 exf4+ 22. Kf1 f3 23. gxf3 Re2 24. Rh2 Qf4 25.
Qxd4 Qxd4 26. Kxe2 Re8+ 27. Ne3 27... Qxa4 {
0-1 Duchov,A-Baburin,A/Kstovo op 1994 (27)}) 5. bxc3 $146 (5. Qxc3 Nf6 (5...
Ne7 6. Nf3 dxc4 7. Qxc4 b6 8. g3 Bb7 9. Bg2 O-O 10. O-O Nd7 11. Bg5 Rc8 12.
Rad1 h6 13. Bc1 Bd5 14. Qd3 Nf6 15. b3 Ng6 16. Rfe1 Be4 17. Qa6 Qd5 18. Bb2
Rfd8 19. Rc1 Qa8 20. Red1 Nd5 21. Qa4 a5 22. Ne1 Bxg2 23. Nxg2 c6 24. Qc4 b5
25. Qc2 Nb4 26. Qb1 Na6 27. Qa1 f6 28. Qb1 Kf7 29. e4 c5 30. d5 exd5 31. Rxd5
Rxd5 32. exd5 Rd8 33. Rd1 Rxd5 34. Rxd5 Qxd5 35. Qxg6+ Kxg6 36. Nf4+ Kf5 37.
Nxd5 Ke6 38. Nf4+ Kd6 39. Kf1 g5 40. Nh5 Nb4 41. Nxf6 Nxa2 42. Ke2 c4 43. bxc4
b4 44. Ne4+ Kc6 45. Kd2 a4 46. Kc2 a3 47. Bg7 Nc3 48. Bxc3 bxc3 49. Kxc3 {
1-0 Amura,C-Timoschenko,A/Buenos Aires Konex 1991 (49)}) 6. Bg5 Nbd7 7. e3 h6
8. Bh4 g5 9. Bg3 Ne4 10. Qc2 c5 11. O-O-O Qa5 12. Kb1 b5 13. cxd5 Bb7 14. dxe6
fxe6 15. f3 Bd5 16. a3 Nxg3 17. hxg3 Qa4 18. Qxa4 bxa4 19. Bb5 19... Bb3 {
Kas Fromm,R-Kasioura,F/Thessaloniki olw 1984/1-0 (55)}) 5... Ne7 6. Bg5 dxc4 7.
Qxc4 Qd5 8. Qxd5 Nxd5 9. Rc1 O-O 10. e4 f6 11. Bd2 Nb6 12. Nf3 12... Bd7 $14 (
12... e5 13. Be2 $11) 13. Bd3 Bc6 14. O-O f5 15. Rfe1 fxe4 16. Bxe4 16... Nc4 {
Ein gutes Feld fuer den Springer} 17. Bg5 h6 18. Bh4 Bd5 19. Bxd5 exd5 20. Re7
Na6 21. Rce1 Nd6 22. Bg3 Nf5 23. Rd7 Rad8 24. Rxd8 Rxd8 25. Re5 Nxg3 26. hxg3
Kh7 27. g4 Rd6 28. g5 28... h5 $14 (28... Rc6 $5 $11 {muss geprueft werden})
29. Nh4 {Weiss erhaelt Koenigsangriff} 29... Rb6 $2 $18 (29... g6 $5 $14 $142 {
ist noch spielbar}) 30. f4 $16 (30. g6+ $5 30... Kh6 31. f3 Rxg6 32. Nxg6 Kxg6
33. Rxd5 33... b6 $18) 30... Rb1+ $18 (30... g6 31. Rxd5 Rc6 32. Rd7+ Kg8 33.
d5 $18) 31. Kf2 {Droht Matt} 31... Kg8 32. g6 {Es droht Matt} 32... Kf8 33. Nf3
$16 (33. Rxh5 $5 33... Rb2+ 34. Kf3 $18) 33... Rb2+ (33... Rb6 34. f5 Rb2+ 35.
Kg1 $18) 34. Kg3 {Mit der Mattdrohung Ng5} 34... Rb6 (34... Rxa2 $4 {
das Schlagen des Bauern ist schlecht} 35. Ng5 $1 {ist die Ueberraschung!} 35...
h4+ 36. Kxh4 Re2 37. Nh7+ Kg8 38. Rxe2 c5 39. Re8#) 35. f5 (35. Rxd5 $6 35...
Rxg6+ 36. Ng5 36... Rc6 $14) 35... c5 (35... Rf6 36. Ng5 (36. Rxd5 $6 36... Ke7
$18) 36... Kg8 37. Nh7 $18) 36. Ng5 $1 {logisch und kraftvoll. Droht Matt: Nh7}
(36. Rxd5 $6 {ist wenig wert} 36... cxd4 37. Re5 37... dxc3 $18) 36... Nc7 37.
Nh7+ Kg8 38. Re7 {Mit der Mattdrohung Rd7} 38... Rc6 (38... h4+ 39. Kxh4 Rf6
40. Nxf6+ gxf6 41. Rxc7 b6 42. Kh5 a6 43. Kh6 Kf8 44. g7+ Kg8 45. Kg6 cxd4 46.
Rc8#) 39. Kh4 (39. Rd7 h4+ 40. Kf2 Re6 41. fxe6 Nxe6 42. Rxb7 Nd8 43. Rb8 cxd4
44. Rxd8#) 39... cxd4 (39... Rf6 {aendert den traurigen Lauf der Dinge nicht}
40. Rxc7 Rf8 41. Kg5 cxd4 42. f6 Rd8 43. Re7 Rf8 44. f7+ Kh8 45. Re8 Rxe8 46.
fxe8=Q#) 40. cxd4 (40. Rd7 Re6 41. fxe6 Nxe6 42. Rxb7 Nd8 43. Rb8 dxc3 44.
Rxd8#) 40... a6 (40... Rf6 {waere gleichermassen fruchtlos} 41. Rxc7 Rf8 42.
Kg5 a5 43. f6 Rd8 44. fxg7 Rd6 45. Kh6 Rxg6+ 46. Kxg6 b5 47. Nf6#) 41. Kxh5 (
41. Rd7 Re6 42. fxe6 Nxe6 43. Re7 Nf8 44. Re8 b6 45. Rxf8#) 41... b6 (41... Rc1
{hilft auch nicht mehr} 42. f6 Rh1+ 43. Kg5 Rxh7 44. gxh7+ Kxh7 45. Rxg7+ Kh8
46. Rxc7 b6 47. Kg6 Kg8 48. Rc8#) 42. g4 (42. Rd7 Re6 43. fxe6 Nxe6 44. Re7
Nf4+ 45. Kg5 Nxg6 46. Kxg6 b5 47. Re8#) 42... b5 (42... Rc1 {
macht keinen grossen Unterschied} 43. f6 Rh1+ 44. Kg5 Rxh7 45. gxh7+ Kxh7 46.
Rxg7+ Kh8 47. Rxc7 Kg8 48. Kg6 b5 49. Rc8#) 43. g5 (43. Rd7 Re6 44. fxe6 Nxe6
45. Re7 Nf4+ 46. Kg5 Nxg6 47. Kxg6 b4 48. Re8#) 43... Rc1 44. Kg4 (44. f6 Rh1+
45. Kg4 Rg1+ 46. Kf3 Rf1+ 47. Kg2 Rf4 48. Rxc7 Rg4+ 49. Kh3 Rg3+ 50. Kxg3 gxf6
51. Nxf6+ Kf8 52. g7#) 44... Rg1+ 45. Kh4 {Droht Matt} 45... Rd1 46. Rxc7 Rxd4+
47. Kg3 (47. Kh5 Rc4 48. Re7 Re4 49. f6 Rh4+ 50. Kxh4 gxf6 51. Nxf6+ Kf8 52.
Rf7#) 47... Rc4 48. Rd7 (48. Re7 Rc3+ 49. Kg4 Rc4+ 50. Kh5 Re4 51. f6 Rh4+ 52.
Kxh4 gxf6 53. Nxf6+ Kf8 54. Rf7#) 48... Rc8 (48... Rc3+ {
holt die Kuh nicht vom Eis} 49. Kf4 Rc4+ 50. Ke5 Rc8 51. f6 d4 52. Re7 Rc5+ 53.
Ke4 Re5+ 54. Kxe5 gxf6+ 55. Nxf6+ Kf8 56. Rf7#) 49. Rxd5 $18 (49. f6 b4 50. Re7
Rc3+ 51. Kf4 Rc4+ 52. Kf5 Rf4+ 53. Kxf4 gxf6 54. Nxf6+ Kf8 55. Rf7#) 49... b4 (
49... Kh8 $18 {wuerde die Partie noch etwas verlaengern}) 50. f6 Rc3+ 51. Kf2 (
51. Kh4 gxf6 52. gxf6 Rc8 53. Kg5 Kh8 54. Kh6 Rg8 55. Ng5 Rf8 56. g7+ Kg8 57.
gxf8=R+ Kxf8 58. Rd8#) 51... gxf6 52. gxf6 (52. Rd7 Rc2+ 53. Ke3 Rc3+ 54. Kd4
Rf3 55. Nxf6+ Rxf6 56. gxf6 b3 57. Rd8#) 52... Rc2+ 53. Ke3 (53. Kg3 Rc8 54.
Rd7 Kh8 55. Ng5 Rc3+ 56. Kh4 Rc4+ 57. Kh5 Rc8 58. Rh7+ Kg8 59. g7 b3 60. f7#)
53... Rc8 54. Kd4 (54. Rd7 Re8+ 55. Kf4 Rc8 56. f7+ Kh8 57. g7+ Kxh7 58. g8=Q+
Rxg8 59. f8=N+ Kh6 60. Rh7#) 54... Kh8 (54... b3 {hilft allerdings auch nicht}
55. Rd7 $1 {Boing!} 55... Rf8 56. g7 Rf7 57. Rd8+ Kxh7 58. g8=Q+ Kh6 59. Qxf7
Kg5 60. Rg8+ Kf4 61. Qe6 bxa2 62. Qg4#) 55. Rh5 $18 (55. Ng5 Kg8 56. Ne6 Rf8
57. f7+ Rxf7 58. Rd8+ Rf8 59. Rxf8#) 55... Rd8+ 56. Ke5 Re8+ (56... Kg8 {
aendert den traurigen Lauf der Dinge nicht} 57. Ng5 Rb8 58. g7 Rb5+ 59. Ke6
Rb6+ 60. Kf5 Rb5+ 61. Kg6 Rxg5+ 62. Rxg5 b3 63. f7#) 57. Kd6 (57. Kf5 Rb8 58.
Ng5+ Kg8 59. g7 Rb5+ 60. Kg6 Rxg5+ 61. Rxg5 b3 62. f7#) 57... Rb8 {
Weiss darf Schwarz nun nicht zu Kg8 kommen lassen} (57... Rb8 58. Ng5+ Kg8 59.
g7 Rb6+ 60. Ke5 Rb5+ 61. Ke6 Rb6+ 62. Kf5 Rb5+ 63. Kg6 Rxg5+ 64. Rxg5 b3 65.
f7#) 0-1

[Event "ICS rated blitz match"]
[Site "207.99.83.229"]
[Date "1999.06.12"]
[Round "?"]
[White "Hossa"]
[Black "blunite"]
[Result "1-0"]
[WhiteElo "2411"]
[BlackElo "2207"]
[Annotator "Fritz 5.32 (30s)"]
[PlyCount "93"]

1. d4 1... Nf6 {Opening = A45 - 1.d4 Nf6 2.---} 2. f4 d5 3. Nf3 Bf5 (3... c5 4.
e3 Nc6 5. c3 Bg4 6. Bb5 e6 7. Qa4 Bxf3 8. Bxc6+ bxc6 9. Qxc6+ Nd7 10. gxf3 cxd4
11. exd4 Rc8 12. Qa6 Qh4+ 13. Ke2 Rc7 14. Be3 Be7 15. Nd2 O-O 16. Rag1 Rb8 17.
Rg4 Qh5 18. Nb3 Rb6 19. Qd3 a5 20. Bc1 a4 21. Nd2 f5 22. Rg2 Bd6 23. Nf1 Qh6
24. Rhg1 Nf6 25. Qe3 Nh5 26. Rg5 Bxf4 27. Qxf4 Nxf4+ 28. Bxf4 Rxb2+ 29. Kd3 Rd7
30. Nd2 Qh4 31. Be5 g6 32. R5g2 Rdb7 33. a3 Qe7 34. h4 Qxh4 35. Bd6 Qh5 36. Ke3
Rc2 37. Rh2 f4+ 38. Bxf4 {Najjar,A-Somoff,A/ch-LIB, Beirut 1997/0-1 (54)}) 4.
e3 e6 5. Bb5+ $15 (5. Bd3 Bg6 6. O-O c5 7. c3 Nc6 8. Ne5 Bd6 9. Qe2 O-O 10. Nd2
Bxd3 11. Qxd3 Nd7 12. b3 f5 13. Bb2 Nf6 14. Nxc6 bxc6 15. c4 Qe7 16. Rac1 cxd4
17. Bxd4 Ne4 18. Nxe4 fxe4 19. Qc3 19... Bb4 {
Solbrand,S-Riis,J/Vaxjo ch-Sweden/op 1992/1-0 (37)}) (5. Be2 Be7 6. O-O Nbd7 (
6... O-O 7. Nbd2 c5 8. Nh4 Be4 9. Nxe4 Nxe4 10. Nf3 Nc6 11. c3 Rb8 12. a4 a6
13. Ne5 Qc7 14. Bd3 14... f6 {- Giorgadze,T-Garcia,G/Salamanca 1989 (14)}) 7.
Ne5 Nxe5 8. fxe5 Ne4 9. c4 Bg6 10. Qb3 Rb8 11. Qa4+ Qd7 12. Qxa7 O-O 13. Qa5 c6
14. c5 f6 15. exf6 Bxf6 16. Nc3 e5 17. Qa4 Rf7 18. Nxe4 Bxe4 19. Bd2 19... Re8
{Kuenzner,F-Haecker,J/BL2-S 1990/1-0 (57)}) (5. c4 5... Nc6 $11) 5... c6 6. Bd3
6... Bxd3 $11 (6... Bd6 7. O-O $15) 7. Qxd3 Nbd7 8. O-O 8... Ne4 {
e4, ein Paradefeld} 9. Nbd2 9... f5 $11 (9... Ndf6 10. Qb3 Qc7 11. Nxe4 Nxe4
12. Bd2 $15) 10. Qb3 Qb6 11. Nxe4 11... fxe4 {Raumvorteil} 12. Qxb6 {
Weiss verhindert die lange Rochade} 12... axb6 13. Ne5 {
Der weisse Springer auf dem Vorposten e5} 13... g6 14. c4 {
Greift die Basis der Bauernkette an} (14. Bd2 14... Be7 $15) 14... Bd6 (14...
Bb4 15. Rf2 $15) 15. cxd5 exd5 16. Bd2 Ke7 17. a3 {Verwehrt dem Gegner b4}
17... Rhf8 18. Rab1 b5 19. Be1 Ke6 20. Bh4 b4 21. Bg5 Bxe5 22. fxe5 {
Weiss engt den Gegner ein} 22... Rxf1+ 23. Kxf1 bxa3 24. bxa3 b6 25. Rb3 c5 26.
Bh4 $17 (26. Bh6 Ra4 27. Rc3 27... b5 $11) 26... c4 $15 (26... Ra4 27. Bf2 $17)
27. Rc3 b5 28. g4 Ra4 29. Bd8 b4 30. axb4 Rxb4 31. Kf2 $15 (31. Ra3 $5 {
bedarf naeherer Analyse} 31... Nb8 32. Ra7 $11) 31... Ra4 32. g5 Ra2+ 33. Kg3
Kf7 34. h3 Ke8 35. Bc7 $17 (35. Bf6 $5 $15 {kommt in Betracht}) 35... Ke7 $15 (
35... Nf8 $5 $17 $142) 36. h4 Ke6 37. Kf4 Rf2+ 38. Kg4 Rg2+ 39. Kh3 39... Rd2
$14 (39... Ra2 $5 $15 {ist nicht von der Hand zu weisen}) 40. Rc1 $15 (40. Ra3
$5 $142 {sieht noch spielbar aus} 40... Rb2 41. Ra6+ Ke7 42. e6 $14) 40... Rd3
{Schwarz haelt das Heft fest in der Hand} 41. Re1 c3 42. Kg4 $19 (42. Ra1 c2
43. Ra6+ 43... Kf5 $17) 42... c2 43. Rc1 43... Rd2 $4 $15 {
gibt den Vorteil aus der Hand} (43... Rxe3 44. Rxc2 Nb6 45. Bxb6 Rb3 46. Rc6+
Kd7 47. Rd6+ 47... Ke8 $18) 44. Kf4 $4 $19 (44. Kg3 $15 $142 {
war der letzte Versuch}) 44... Re2 $4 $15 {danach wendet sich das Blatt} (44...
Rg2 $142 {liesse Weiss keine Chance} 45. Bd6 45... Nb6 $19) 45. Bd8 $17 (45.
Kg4 $5 $15 {sieht spielbar aus}) 45... Nb8 46. Bb6 Nc6 47. Bc5 (47. Bc5 Na5 48.
Ra1 $19) 1-0

[Event "ICS Rated standard match"]
[Site "207.99.83.229"]
[Date "1999.06.12"]
[Round "?"]
[White "tartaruga"]
[Black "Hossa"]
[Result "1-0"]
[WhiteElo "2353"]
[BlackElo "2353"]
[Annotator "Fritz 5.32 (30s)"]
[PlyCount "73"]

1. e4 1... Nf6 {Opening = B03 - 3.d4 (d6 4.---)} 2. e5 Nd5 3. d4 d6 4. c4 Nb6
5. f4 Nc6 6. d5 $146 {Weiss gewinnt Raum} (6. Be3 Bf5 (6... dxe5 7. fxe5 Bf5 8.
Nc3 e6 9. Nf3 Be7 10. d5 exd5 11. cxd5 Nb4 12. Nd4 Bd7 13. e6 fxe6 14. dxe6 Bc6
15. Qg4 g6 16. O-O-O N4d5 17. Nxc6 bxc6 18. Bh6 Bf6 19. Ne4 Qe7 20. Ba6 Rb8 21.
Nxf6+ {Dlauchy,P-Horvath,L/Balatonbereny opB 1996/1-0 (54)}) 7. a3 dxe5 8. fxe5
e6 9. Nf3 Be7 10. Be2 O-O 11. O-O f6 12. h3 fxe5 13. dxe5 Qxd1 14. Rxd1 Rad8
15. Nc3 Bc2 16. Rxd8 Rxd8 17. c5 Nd5 18. Nxd5 Rxd5 19. Bc4 Rd1+ 20. Rxd1 Bxd1
21. Bxe6+ Kf8 22. Bd5 Bxf3 23. Bxf3 Nxe5 24. Bxb7 Nc4 25. Bd4 Na5 26. c6 Kf7
27. Bxa7 27... Ke6 {
1-0 Bakhtadze,G-Naser Al Sayed,M/WchJM-U12 Duisburg 1992 (27)}) (6. Nf3 g6 7.
Nc3 Bf5 8. Be3 Na5 9. Be2 Naxc4 10. Bxc4 Nxc4 11. Qa4+ c6 12. Qxc4 Bg7 13. O-O
O-O 14. Rac1 Be6 15. Qe2 b5 16. Rfd1 Rc8 17. a3 Bb3 18. Re1 a5 19. Nd2 Be6 20.
Nde4 20... Qd7 {Oesterle,C-Koeditz,K/DEM U11 Pinneberg 1995/1-0 (37)}) 6... Nb4
7. a3 Bg4 8. Be2 Bxe2 9. Nxe2 $11 (9. Qxe2 9... Na6 $14) 9... Na6 10. O-O Qd7
11. b3 {Kontrolliert a4+c4} 11... e6 12. Nbc3 O-O-O 13. Be3 13... Nc5 $14 (
13... exd5 14. Bxb6 cxb6 15. Qxd5 dxe5 16. fxe5 $11) 14. exd6 Bxd6 (14... Qxd6
$2 15. b4 exd5 16. Bxc5 $18) 15. b4 Nxc4 16. Bxc5 Bxc5+ 17. bxc5 17... Ne3 $2
$18 (17... exd5 $142 18. Nd4 18... Qe7 $16) 18. c6 Qe8 19. Qd4 Nxf1 (19... Nxd5
20. cxb7+ Kxb7 21. Nxd5 exd5 22. Qc5 $18) 20. Qxa7 $1 {
nun ist alles klar. Droht Matt.} (20. Rxf1 $6 20... exd5 21. cxb7+ 21... Kb8
$16) 20... bxc6 21. Qa8+ {Weiss erhaelt Koenigsangriff} (21. Nd4 {
waere im Gewinnsinne praeziser} 21... exd5 22. Qa6+ Kd7 23. Qxc6+ Kc8 24. Qa6+
Kd7 25. Nxd5 25... Rc8 $18) 21... Kd7 22. Qxc6+ $1 {die Pointe} 22... Kc8 23.
Qa6+ (23. Kxf1 $6 23... Qxc6 24. dxc6 24... Rd3 $16) (23. Rxf1 Qxc6 24. dxc6
24... Rhe8 $16) 23... Kd7 24. Rxf1 exd5 (24... Ke7 25. dxe6 fxe6 26. Qc4 $18)
25. Nxd5 {Weiss droht stark Nd4. .} 25... Ra8 (25... Qe6 {
ist der letzte Rettungsanker} 26. Qa4+ Qc6 27. Nf6+ gxf6 28. Rd1+ Ke7 29. Qxc6
Rxd1+ 30. Kf2 30... Rhd8 $18) 26. Qb7 {Droht Matt: Qxc7} 26... Qe6 (26... Qxe2
27. Qxc7+ Ke8 28. Qc6+ Kf8 29. Qxa8+ 29... Qe8 $18) 27. Qxc7+ Ke8 28. Nd4 $1 {
ganz unerschrocken. Es droht Matt} 28... Rc8 (28... Qxd5 $4 {
Schwarz kann den Springer nicht nehmen} 29. Re1+ Qe6 30. Rxe6+ fxe6 31. Nc6 Kf8
32. Ne5 Ke8 33. Qd7+ Kf8 34. Qf7#) 29. Qb7 $1 {zwingend und schoen} 29... Qd7
30. Re1+ Kd8 31. Qb6+ Rc7 32. Rc1 {Mit der Mattdrohung Rxc7} 32... Qxd5 (32...
Qc8 {waere gleichermassen fruchtlos} 33. Rxc7 Qxc7 34. Qxc7+ Ke8 35. Qe7#) 33.
Qxc7+ Ke8 34. Re1+ Qe6 35. Nxe6 fxe6 36. Rd1 Kf8 (36... e5 {
kann das Vorangegangene nicht ungeschehen machen} 37. Rd8#) 37. Rd8# 1-0

[Event "ICS rated blitz match"]
[Site "207.99.83.229"]
[Date "1999.06.12"]
[Round "?"]
[White "matar"]
[Black "Hossa"]
[Result "0-1"]
[WhiteElo "2240"]
[BlackElo "2419"]
[Annotator "Fritz 5.32 (30s)"]
[PlyCount "40"]

1. e4 1... c5 {Opening = B51 - 3.Bb5 ---} 2. Nf3 Nc6 3. Bb5 d6 4. O-O e5 5. c3
Nf6 (5... Bd7 6. d4 Be7 7. dxc5 dxc5 8. Nbd2 Qc7 9. Nc4 Rd8 10. Qb3 f6 11. Ne3
Qc8 12. Nd5 Bd6 13. Be3 Nge7 14. Nxe7 Bxe7 15. Rad1 a6 16. Be2 b5 17. a4 Na5
18. Qa2 Be6 19. Rxd8+ Bxd8 20. Qa3 c4 21. axb5 axb5 22. Qb4 Bd7 23. Qa3 Nb3 24.
Rd1 Bc6 25. Nd2 Nxd2 26. Rxd2 Bxe4 27. b3 Be7 28. Qa7 cxb3 29. Bxb5+ Kf7 30.
Rd7 Re8 31. Rc7 Qg4 32. Bf1 Bd5 33. Bc5 b2 34. Rxe7+ Rxe7 35. Qxe7+ Kg6 36.
Qe8+ Kh6 37. Be3+ g5 38. Bc5 {1-0 Bhat,V-Cusi,R/San Francisco USA 1998 (38)})
6. d4 6... exd4 $146 {Raumgewinn} (6... cxd4 7. cxd4 Qc7 8. d5 a6 9. Qa4 axb5
10. Qxa8 Nb4 11. Nc3 Be7 12. Nxb5 Qc5 13. Na7 O-O 14. Be3 Qa5 15. Rac1 Bd7 16.
Qxb7 Nd3 17. Rc7 Qa4 18. Nd2 Bd8 19. b3 Qxa2 20. Rxd7 Nxd7 21. Qxd7 {
1-0 Horvath,A-Kaparov,M/WchJM-U14 Szeged 1994 (21)}) (6... Bd7 7. Qe2 (7. dxe5
dxe5 8. Bg5 Be7 9. Nbd2 Qc7 10. Nc4 O-O-O 11. Bxf6 gxf6 12. Ne3 Be6 13. Qe2 Bf8
14. Bc4 Ne7 15. Rfd1 Bh6 16. Nd5 Bxd5 17. Bxd5 Ng6 18. g3 Rhg8 19. Qc4 Rd7 20.
Kf1 Kb8 21. Rd3 21... Re8 {
Gerigk,E-Schneider,V/Baden-Rheinland Pfalz 1994/1-0 (33)}) 7... Qc7 8. dxc5
dxc5 9. Na3 a6 10. Bc4 Be7 11. Bd5 b5 12. Nc2 O-O 13. Bg5 Rae8 14. Bxf6 Bxf6
15. Ne3 Ne7 16. Rfd1 Rd8 17. a4 bxa4 18. Qxa6 Rb8 19. Qe2 Rb6 20. Rd2 Rfb8 21.
Rad1 {Flores,R-Souza,M/Mar Del Plata 1951/1-0 (41)}) 7. cxd4 cxd4 (7... Nxe4 $2
{funktioniert nicht} 8. d5 a6 9. Ba4 $18 (9. Bxc6+ $6 9... bxc6 10. Qa4 10...
f5 $14)) 8. Nxd4 Bd7 9. Nc3 Rc8 10. Re1 Be7 11. Nf5 (11. Qa4 11... O-O $14)
11... Bxf5 12. exf5 O-O 13. Bf4 d5 14. Qf3 Nd4 15. Qd3 Bc5 16. Rad1 Qb6 17. Bg3
a6 18. Ba4 Qxb2 19. Be5 $2 $19 (19. Bh4 $5 $142 {und Weiss spielt mit} 19...
Ng4 20. Rb1 $11) 19... Nc6 20. Re2 (20. Bxc6 Bxf2+ (20... Rxc6 $6 21. Re2 Qa3
22. Bxf6 $11) 21. Kh1 Bxe1 (21... bxc6 22. Nxd5 Qb5 23. Qxb5 cxb5 24. Ne7+ Kh8
25. Nxc8 Bxe1 26. Nd6 $15) 22. Bxf6 gxf6 23. Nxd5 23... Kh8 $19) 20... Nxe5 (
20... Nxe5 21. Rxb2 Nxd3 22. Rxd3 22... b5 $19) 0-1

[Event "ICS rated blitz match"]
[Site "207.99.83.229"]
[Date "1999.06.12"]
[Round "?"]
[White "Hossa"]
[Black "sabine"]
[Result "1-0"]
[WhiteElo "2427"]
[BlackElo "2197"]
[PlyCount "39"]

1. e4 e6 2. d4 d5 3. Nc3 Nf6 4. e5 Nfd7 5. Nh3 c5 6. Bb5 a6 7. Bxd7+ Bxd7 8.
O-O Nc6 9. dxc5 Bxc5 10. Qg4 Bf8 11. Qh5 Qc7 12. Bf4 g6 13. Qh4 Bg7 14. Nxd5
exd5 15. e6 Qd8 16. exd7+ Qxd7 17. Rae1+ Kf8 18. Bh6 Re8 19. Qf6 Kg8 20. Qxg7#
{sabine checkmated} 1-0